Vytvorenie výučbovej aplikácie pre určitý integrál

Na minha lista:
Detalhes bibliográficos
Autor principal: Peška, Kristián (Author)
Outros Autores: Takáč, Zdenko (Thesis advisor)
Formato: Manuscrito Livro
Idioma:eslovaco
Publicado em: 2025
Assuntos:
Acesso em linha:http://is.stuba.sk/zp/portal_zp.pl?podrobnosti=176731
Tags: Adicionar Tag
Sem tags, seja o primeiro a adicionar uma tag!

MARC

LEADER 00000ntm a22000003a 4500
001 stuzp103784
003 SK-STU
005 20250628210834.0
007 ta
008 150427s2015----xo-----f-mn---000-0-slo-d
040 |a STU  |b slo 
041 0 |a slo 
100 1 |a Peška, Kristián  |u 066000  |4 aut  |U MTF Materiálovotechnologická fakulta  |T MTF Ústav aplikovanej informatiky, automatizácie a mechatroniky  |X 121819  |U M6000  |Y 86  |7 121819 
242 0 1 |a Creating an educational application for definite integral  |y eng 
245 1 0 |a Vytvorenie výučbovej aplikácie pre určitý integrál 
260 |c 2025 
650 4 |a určitý integrál  |2 slo 
650 4 |a C#  |2 slo 
650 4 |a desktopová aplikácia  |2 slo 
650 4 |a výučbová aplikácia  |2 slo 
650 4 |a C#  |2 eng 
650 4 |a desktop application  |2 eng 
650 4 |a educational application  |2 eng 
650 4 |a definite integral  |2 eng 
700 1 |a Takáč, Zdenko  |u 066000  |k Z1  |4 ths  |U MTF Materiálovotechnologická fakulta  |T MTF Ústav aplikovanej informatiky, automatizácie a mechatroniky  |X 43247  |U M6000  |Y 86  |7 A000043247 
856 4 |u http://is.stuba.sk/zp/portal_zp.pl?podrobnosti=176731 
996 |c M* BP-10001  |l MMSKP  |s P  |a 0  |w stuzp103784_0001